000 00528nam a22001577a 4500
005 20230216023058.0
008 230216b |||||||| |||| 00| 0 eng d
020 _a978-1-98460-073-8
082 _aG.R. 621.03 T531 2018
110 _a3G E-Learning
_eauthor
245 _aIllustrated dictionary of mechanical engineering:
_bterms, definitions, examples /
_c3G E-Learning
260 _aNew York:
_b3G E-Learning,
_cc2018.
300 _a201p.;
_bill. (some col.)
541 _e6986
650 _aMechanical engineering - Dictionaries
999 _c1152
_d1152